| 000 | 01240nam a2200265Ia 4500 | ||
|---|---|---|---|
| 001 | 18187 | ||
| 003 | GE_BSU | ||
| 008 | 181216s||||||||xx |||||||||||||| ||und|| | ||
| 020 | _aISSN 1987-6572 | ||
| 040 | _cGE_BSU | ||
| 080 | _a81''(063) | ||
| 245 | _aიბერიულ-კავკასიური ენათმეცნიერება XXXVI. მასალები | ||
| 245 | _bეძღვნება აკად. არნოლდ ჩიქობავას დაბადების 110 წლისთავს | ||
| 245 | _cმთ.რედ. ვ. შენგელია | ||
| 250 | _aარნოლდ ჩიქობავას ენათმეცნიერების ინ-ტი | ||
| 260 | _aთბილისი | ||
| 260 | _bარნოლდ ჩიქობავას ენათმეცნიერების ინ-ტი | ||
| 260 | _c2008 | ||
| 300 | _a331გვ. ; 24სმ | ||
| 300 | _eბიბლიოგრ.ტექსტ. | ||
| 520 | _aპარალ. თავფურ. ინგლ. და რუს.. | ||
| 541 | _h15ლ. | ||
| 653 | _aიბერიულ-კავკასიური ენათმეცნიერება XXXVI | ||
| 942 | _cBK | ||
| 999 |
_c51227 _d51227 |
||